000 00785nmc a2200313 a 4500
003 AR-BaBNM
005 20251128204451.0
008 037019s1990 ||||||||||||||000 | spa||
020 _a950-07-0672-1
040 _cAR-BaBNM
100 1 _aSchujer, Silvia
245 1 0 _aAbrapalabra
260 _aBuenos Aires
_bSudamericana
_c1990
300 _a14 p.
_bil.
490 0 _aLibros del bolsillo
_vv. 2
500 _aContiene nota de la editora a los lectores
650 4 _aLITERATURA ARGENTINA
650 4 _aLITERATURA INFANTIL
650 4 _aLIBROS PARA NINOS
650 4 _aPOESIA
650 4 _aFOLKLORE
650 4 _aCANCIONES
653 _aSONETO
655 _aLITERATURA
700 1 _aPollini, Luis
_eilustrador
800 0 _aCanela
942 _cBK
998 _cLAURA
999 _c7536
_d7536